吉林省城市 - Statistics

General Stats
  • This quiz has been taken 16 times
  • The average score is 6 of 9
Answers on the Grid
Answers color-coded by a green-red scale on the quiz's grid according to % correct below.
长春
吉林
四平
辽源
通化
白山
松原
白城
延边
怀化
通辽
鸡西
丹东
阜新
朝阳
葫芦岛
聊城
沧州
 
Answer Stats
Answer % Correct
吉林
88%
长春
75%
四平
75%
白城
75%
延边
75%
辽源
63%
白山
63%
松原
63%
通化
50%
No matching quizzes found
Score Distribution
Percent of People with Each Score
Percentile by Number Answered
Your Score History
You have not taken this quiz